000 01121nam a22003137a 4500
999 _c500
_d500
001 002377
003 CoMeUDC002377
005 20181218181742.0
008 050413s2002 ck gr 001 0 spa d
020 _a9586533069 (serie)
020 _a9586533093 (título)
040 _aCO-BoUEC
_cCoMeUDC
041 0 _aspa
043 _as-ck---
082 0 4 _a347
_bN238d
_215
092 _a347
_bN17d
100 1 0 _aNarváez García, José Ignacio
245 1 0 _aDerecho mercantil colombiano /
_cJosé Ignacio Narváez García.
250 _a2a edición ; 9a edición.
260 _aBogotá :
_bLegis,
_c2002.
300 _a6 volúmenes ;
_c24 cm.
490 0 _aLiteratura Jurídica
504 _aIncluye bibliografía e incluye índice analítico.
505 0 _av.1: Parte general -- v.2: La empresa y el establecimiento -- v.3: Teoría general de las sociedades -- v.4: Tipos de sociedad -- v.5: Obligaciones y contratos mercantiles -- v.6: Títulos-valores.
650 1 4 _aDerecho comercial
_zColombia
650 1 4 _aObligaciones (Derecho)
_zColombia
650 1 4 _aSociedades comerciales
_zColombia
942 _2ddc
_cBK